01172nam a22003014a 4500001001100000003000800011006001900019007001500038008004100053010001700094020002200111020002200133040002100155035002000176050002300196082001700219100003700236245009500273260005100368300001500419504006600434533015200500650002500652650002200677655002900699710001700728856012500745ebr5000386CaPaEBRm u cr cn|||||||||000103s2000 enk sb 001 0 eng  z 00020283  z0745316433 (pbk.) z0745316441 (hbk.) aCaPaEBRcCaPaEBR a(OCoLC)5100281214aHB501b.D68 2000eb04a330.12/22211 aDowd, Douglas Fitzgerald,d1919-10aCapitalism and its economicsh[electronic resource] :ba critical history /cDouglas Dowd. aLondon ;aSterling, Va. :bPluto Press,c2000. axv, 319 p. aIncludes bibliographical references (p. [297]-311) and index. aElectronic reproduction.bPalo Alto, Calif. :cebrary,d2013.nAvailable via World Wide Web.nAccess may be limited to ebrary affiliated libraries. 0aCapitalismxHistory. 0aEconomic history. 7aElectronic books.2local2 aebrary, Inc.40uhttp://site.ebrary.com/lib/rucke/Doc?id=5000386zAn electronic book accessible through the World Wide Web; click to view